Battles for Scandinavia /

Bibliographic Details
Main Author: Elting, John Robert
Corporate Author: Time-Life Books
Format: Book
Language:English
Published: Alexandria, Va. : Time-Life Books, [1981]
Series:World War II.
Subjects:

MARC

Tag First Indicator Second Indicator Subfields
LEADER 00000pam a2200000 a 4500
001 in00000076123
005 20151008060433.0
008 810423s1981 vauab b 00110 eng
010 |a  81005698  
020 |a 0809433974 
020 |a 0809433966 (lib. bdg.) 
020 |a 0809433958 (retail ed.) 
035 |a (OCoLC)07463102 
035 |9 AAJ5752AM 
040 |a DLC  |c DLC  |d TXA  |d UtOrBLW 
043 |a ev-----  |a e-fi--- 
049 |a TXAM 
050 0 0 |a D754.S29  |b E47 
082 0 |a 940.53/48  |2 19 
092 |a 940.54  |b Elt 
100 1 |a Elting, John Robert. 
245 1 0 |a Battles for Scandinavia /  |c by John R. Elting and the editors of Time-Life Books. 
264 1 |a Alexandria, Va. :  |b Time-Life Books,  |c [1981] 
264 4 |c ©1981 
300 |a 208 pages :  |b illustrations (some color), maps ;  |c 29 cm. 
336 |a text  |b txt  |2 rdacontent 
337 |a unmediated  |b n  |2 rdamedia 
338 |a volume  |b nc  |2 rdacarrier 
490 1 |a World War II 
504 |a Includes bibliographical references (pages 202-203) and index. 
536 |a A gift from the estate of Dwayne Elliott May, Class of '68, April 2002. 
536 |a Gift of Ben Allen Jr. '56. 
650 0 |a World War, 1939-1945  |z Scandinavia. 
650 0 |a World War, 1939-1945  |z Finland. 
651 0 |a Scandinavia  |x History  |y 20th century. 
651 0 |a Finland  |x History  |y 1939-1945. 
710 2 |a Time-Life Books. 
830 0 |a World War II. 
999 |a MARS 
999 f f |s 79b7795c-c2e0-39f8-bd1e-6777f037c666  |i 2d1e321c-3de0-342e-937f-fad98da05b7d  |t 0 
952 f f |p normal  |a Texas A&M University  |b Galveston Campus  |c Jack K. Williams Library  |s galv stk  |d Galveston Stacks  |t 0  |e D754.S29 E47 1981  |h Library of Congress classification  |i unmediated -- volume  |m 33620000198032 
952 f f |a Texas A&M University  |b College Station  |c Sterling C. Evans Library  |s Evans halb  |d Halbouty Reading Rm (Halbouty Bldg 173) (Does not check out)  |t 0  |e 940.54 Elt  |h Dewey Decimal classification 
998 f f |a D754.S29 E47 1981  |t 0  |l Galveston Stacks 
998 f f |a 940.54 Elt  |t 0  |l Halbouty Reading Rm (Halbouty Bldg 173) (Does not check out)